[Event "Challenge"]
[Site "http://www.queenalice.com/game.php?id=23427"]
[Date "2005.8.10"]
[Round "-"]
[White "CptBafos"]
[Black "jorgefv"]
[Result "0-1"]
[WhiteElo "1500"]
[BlackElo "1312"]

1. d4 Nf6 2. e3 d5 3. Nc3 g6 4. Bb5+ c6 5. Bd3 Bg7 6. e4 dxe4 7. Nxe4 Nxe4 8.
Bxe4 Bxd4 9. c3 Bxf2+ 10. Kxf2 Qxd1 11. Bf3 Qc2+ 12. Ne2 Bf5 13. Be3 O-O 14.
Rac1 Qxb2 15. Rhd1 Nd7 16. Bd4 e5 17. g4 exd4 18. gxf5 Ne5 19. Bg2 Rae8 20. cxd4
Nd3+ 21. Kf3 Qxe2+ 22. Kg3 Re3+ 23. Kh4 Qh5# 0-1

[Event "Challenge"]
[Site "http://www.queenalice.com/game.php?id=23490"]
[Date "2005.8.10"]
[Round "-"]
[White "musampa"]
[Black "jorgefv"]
[Result "0-1"]
[WhiteElo "1812"]
[BlackElo "1622"]

1. f4 e6 2. Nf3 d5 3. d4 c5 4. e3 Nf6 5. Ne5 Nbd7 6. Bb5 a6 7. Bxd7+ Bxd7 8.
Nxd7 Qxd7 9. Nc3 Bd6 10. g4 b5 11. g5 Ne4 12. Nxe4 dxe4 13. dxc5 Bxc5 14. Qxd7+
Kxd7 15. Ke2 Rac8 16. Rd1+ Ke7 17. a4 b4 18. c3 h6 19. g6 fxg6 20. cxb4 Bxb4 21.
Rd4 a5 22. Rxe4 Rc2+ 23. Kf3 Rhc8 24. f5 gxf5 25. Rd4 Rxc1 26. Rxc1 Rxc1 27. Kg3
Rc2 28. b3 Rc3 29. Kf4 g5+ 30. Kf3 Rxb3 31. Rc4 Rc3 32. Rxc3 Bxc3 33. Ke2 Kd6
34. h3 Kc5 35. Kd3 Kb4 36. e4 f4 37. Ke2 Kxa4 38. Kd3 Kb3 39. e5 a4 0-1

[Event "Challenge I"]
[Site "http://www.queenalice.com/game.php?id=23555"]
[Date "2005.8.11"]
[Round "-"]
[White "Adriano_Pereira"]
[Black "jorgefv"]
[Result "1-0"]
[WhiteElo "1436"]
[BlackElo "1699"]

1. e4 c6 2. Qf3 d5 3. exd5 cxd5 4. Nc3 Nf6 5. Nh3 Bg4 6. Bb5+ Nc6 7. Qd3 e6 8.
f3 Bf5 9. Qf1 Bxc2 10. b3 Bg6 11. a3 a6 12. Be2 Rc8 13. Nf4 Bd6 14. Nxg6 hxg6
15. g4 Rxh2 16. Rxh2 Bxh2 17. f4 Nd4 18. Kd1 Nxb3 19. Rb1 Nxc1 20. Rxc1 d4 21.
Nb1 Rxc1+ 22. Kxc1 Qc7+ 23. Kd1 Bxf4 24. a4 Nd5 25. Qh3 f5 26. Qh8+ Kf7 27. gxf5
exf5 28. Bf3 Nf6 29. Qh4 Be5 30. Qh1 b5 31. axb5 axb5 32. Qf1 b4 33. Qb5 Qe7 34.
Qc4+ Kf8 35. Qc8+ Qe8 36. Qc5+ Qe7 37. Qc8+ Ne8 38. d3 Qc7 39. Qe6 Nf6 40. Nd2
Bf4 41. Nc4 b3 42. Nb2 1-0

[Event "Challenge"]
[Site "http://www.queenalice.com/game.php?id=23556"]
[Date "2005.8.11"]
[Round "-"]
[White "warmling"]
[Black "jorgefv"]
[Result "0-1"]
[WhiteElo "1348"]
[BlackElo "1690"]

1. e4 c6 2. d4 d5 3. f3 Nd7 4. exd5 cxd5 5. b4 g6 6. Qd3 Bg7 7. a4 Qb6 8. c3
Ngf6 9. a5 Qc7 10. f4 O-O 11. Nh3 Ne4 12. Ng5 Ndf6 13. c4 Bf5 14. h4 Nf2 15. Qe3
Nxh1 16. Nc3 h6 17. Nxd5 Nxd5 18. cxd5 hxg5 19. hxg5 Rac8 20. g3 Qc3+ 21. Qxc3
Rxc3 22. Bg2 Nxg3 23. Kf2 Bxd4+ 24. Ke1 Rc2 25. Rb1 Bg4 26. Bf1 Bf2# 0-1

[Event "Challenge"]
[Site "http://www.queenalice.com/game.php?id=23631"]
[Date "2005.8.11"]
[Round "-"]
[White "dorbe03"]
[Black "jorgefv"]
[Result "0-1"]
[WhiteElo "1281"]
[BlackElo "1697"]

1. d4 Nf6 2. Nc3 d5 3. Nf3 g6 4. Ne5 Bg7 5. Bg5 Ne4 6. Nxe4 dxe4 7. e3 f6 8.
Nxg6 hxg6 9. Bf4 Nc6 10. Bb5 Bd7 11. O-O a6 12. Bxc6 Bxc6 13. Qg4 g5 0-1

[Event "AUTO-ADV-68"]
[Site "http://www.queenalice.com/game.php?id=23667"]
[Date "2005.8.11"]
[Round "1"]
[White "jorgefv"]
[Black "Gandwynn"]
[Result "1-0"]
[WhiteElo "1711"]
[BlackElo "1601"]

1. d4 Nf6 2. c4 e5 3. d5 Bc5 4. Qa4 Ng4 5. Nh3 Qf6 6. f3 Ne3 7. Bxe3 Bxe3 8. Nc3
O-O 9. Ne4 Qa6 10. Qxa6 Nxa6 11. Nhf2 Bxf2+ 12. Kxf2 d6 13. e3 Bf5 14. Nc3 Bg6
15. e4 f5 16. Bd3 fxe4 17. Bxe4 Bxe4 18. Nxe4 Rf7 19. Rac1 Raf8 20. Ng5 Rf5 21.
Ne6 R8f7 22. Nd8 Rf8 23. Ne6 R8f7 24. b3 Nc5 25. Nxc5 b6 26. Ne6 1-0

[Event "AUTO-ADV-68"]
[Site "http://www.queenalice.com/game.php?id=23680"]
[Date "2005.8.11"]
[Round "1"]
[White "jorgefv"]
[Black "Homer"]
[Result "1-0"]
[WhiteElo "1657"]
[BlackElo "1714"]

1. d4 d5 2. c4 e6 3. Nc3 Nf6 4. Bg5 Bb4 5. e3 Bxc3+ 6. bxc3 O-O 7. Nf3 Nc6 8.
cxd5 exd5 9. Qb3 Na5 10. Qb5 c6 11. Qb4 b6 12. Bd3 Re8 13. O-O Nb7 14. Rfc1 c5
15. Qa3 Qd6 16. Bb5 Re6 17. Bf4 Qd8 18. c4 dxc4 19. Bxc4 Re7 20. Ne5 Qd7 21.
Nxd7 1-0

[Event "AUTO-ADV-68"]
[Site "http://www.queenalice.com/game.php?id=23681"]
[Date "2005.8.11"]
[Round "1"]
[White "Homer"]
[Black "jorgefv"]
[Result "1-0"]
[WhiteElo "1698"]
[BlackElo "1697"]

1. d4 Nf6 2. Bf4 d5 3. e3 Bf5 4. Nf3 e6 5. Bb5+ c6 6. Ba4 Qa5+ 7. c3 Nbd7 8. O-O
b5 9. Bc2 Bxc2 10. Qxc2 Be7 11. Ne5 c5 12. Nc6 Qb6 13. Nxe7 Kxe7 14. Re1 b4 15.
Nd2 bxc3 16. bxc3 cxd4 17. cxd4 Rac8 18. Qb1 1-0

[Event "AUTO-ADV-68"]
[Site "http://www.queenalice.com/game.php?id=23682"]
[Date "2005.8.11"]
[Round "1"]
[White "jorgefv"]
[Black "refutor"]
[Result "0-1"]
[WhiteElo "1759"]
[BlackElo "1675"]

1. d4 Nf6 2. c4 e6 3. Nf3 Bb4+ 4. Bd2 Qe7 5. a3 Bxd2+ 6. Nbxd2 O-O 7. g3 b6 8.
Bg2 Bb7 9. O-O d5 10. Ne5 Nbd7 11. Nxd7 Qxd7 12. Qc2 Rab8 13. Nf3 c5 14. Rad1
cxd4 15. Rxd4 Qe7 16. Rh4 h6 17. Rd1 Rfc8 18. Ne5 dxc4 19. Bxb7 Rxb7 20. Rxc4
Rxc4 21. Qxc4 Nd5 22. Nc6 Qf6 23. e4 Ne7 24. e5 Qf3 25. Rd8+ Kh7 26. Nxe7 Rxe7
27. Qc2+ Qf5 28. Qxf5+ exf5 29. f4 Rc7 30. Ra8 g5 31. Kg2 Re7 32. Kf2 Kg7 33. g4
fxg4 34. fxg5 hxg5 35. Kg3 f5 36. h4 f4+ 37. Kg2 gxh4 38. Rd8 Rxe5 39. Rd7+ Kf6
40. Rxa7 Ra5 41. Rxa5 bxa5 42. b4 axb4 43. axb4 Ke7 0-1

[Event "AUTO-ADV-68"]
[Site "http://www.queenalice.com/game.php?id=23683"]
[Date "2005.8.11"]
[Round "1"]
[White "refutor"]
[Black "jorgefv"]
[Result "0-1"]
[WhiteElo "1616"]
[BlackElo "1635"]

1. e4 c6 2. d4 d5 3. e5 Bf5 4. Nc3 e6 5. g4 Bg6 6. Nge2 h6 7. h4 Be7 8. Nf4 Bh7
9. Be3 Bxh4 10. Ng2 Bg5 11. Bxg5 Qxg5 12. f4 Qd8 13. Qe2 Nd7 14. O-O-O b5 15.
Nh4 g5 16. fxg5 Qxg5+ 17. Kb1 Nb6 18. Bg2 b4 19. Nb5 cxb5 20. Qxb5+ Nd7 21. Qxb4
Qxg4 22. Bf3 Qg5 23. Rdg1 Qe7 24. Qb7 Qd8 25. Rg4 Qc8 26. Qb3 Rb8 0-1

[Event "Aloha Amigo! :)"]
[Site "http://www.queenalice.com/game.php?id=34294"]
[Date "2005.10.21"]
[Round "-"]
[White "jorgefv"]
[Black "liquid"]
[Result "0-1"]
[WhiteElo "1580"]
[BlackElo "1606"]

1. d4 d5 2. c4 dxc4 3. Nf3 e6 4. e3 Nf6 5. Bxc4 a6 6. O-O b5 7. Bb3 Bd6 8. Nc3
O-O 9. e4 Bb4 10. Re1 Bb7 11. Qc2 a5 0-1

[Event "Challenge"]
[Site "http://www.queenalice.com/game.php?id=34754"]
[Date "2005.10.24"]
[Round "-"]
[White "Rafale2000"]
[Black "jorgefv"]
[Result "1-0"]
[WhiteElo "1563"]
[BlackElo "1664"]

1. e4 c6 2. d4 d5 3. exd5 cxd5 4. c4 g6 5. cxd5 Qxd5 6. Nc3 Qd8 7. Be3 Bg7 8.
Bc4 Nf6 9. Nf3 Bg4 10. Qb3 Bxf3 11. Bxf7+ Kf8 12. gxf3 1-0

[Event "Challenge"]
[Site "http://www.queenalice.com/game.php?id=34782"]
[Date "2005.10.25"]
[Round "-"]
[White "sergiogvh"]
[Black "jorgefv"]
[Result "1-0"]
[WhiteElo "1767"]
[BlackElo "1644"]

1. e4 c6 2. d4 d5 3. Nc3 dxe4 4. Nxe4 Bf5 5. Nc5 e6 6. Nxb7 Qb6 7. Nc5 Bxc5 8.
dxc5 Qxc5 9. c3 Nf6 10. Be3 Qd5 11. Qa4 1-0